[Event "Litomysl Open 2018"]
[Site "Litomysl, Domov mladeze VOSP "]
[Date "2018.12.27"]
[Round "3.24"]
[White "Jedrzejko, Martyna"]
[Black "Zimny, Jakub"]
[Result "1-0"]
[WhiteElo "1528"]
[BlackElo "1279"]
[PlyCount "57"]
[EventDate "2018.12.26"]
[EventType "swiss"]
[EventRounds "9"]
[EventCountry "CZE"]
[SourceTitle "Ajedrez en Madrid"]
[Source "lmi"]
[SourceDate "2018.12.26"]
[SourceVersion "1"]
[SourceVersionDate "2019.01.04"]
[SourceQuality "1"]

1. e4 e5 2. Nf3 Nc6 3. Bc4 Nf6 4. d3 Bc5 5. c3 Bb6 6. O-O d5 7. exd5 Nxd5 8.
Re1 O-O 9. b4 f6 10. a4 a5 11. b5 Nce7 12. Ba3 Re8 13. d4 e4 14. Rxe4 Kh8 15.
Bxd5 Nxd5 16. Rxe8+ Qxe8 17. c4 Nf4 18. Qd2 g5 19. Nc3 Bg4 20. Ne1 Rd8 21. Nc2
Ne6 22. Re1 Qd7 23. Nd5 Kg7 24. Be7 Re8 25. Bxf6+ Kg6 26. Rxe6 Rxe6 27. Qxg5+
Kf7 28. Qg7+ Ke8 29. Qg8# 1-0

[Event "Litomysl Open 2018"]
[Site "Litomysl, Domov mladeze VOSP "]
[Date "2018.12.28"]
[Round "4.1"]
[White "Dowgird, Filip"]
[Black "Simacek, Pavel"]
[Result "1/2-1/2"]
[WhiteElo "2236"]
[BlackElo "2478"]
[PlyCount "216"]
[EventDate "2018.12.26"]
[EventType "swiss"]
[EventRounds "9"]
[EventCountry "CZE"]
[SourceTitle "Ajedrez en Madrid"]
[Source "lmi"]
[SourceDate "2018.12.26"]
[SourceVersion "1"]
[SourceVersionDate "2019.01.04"]
[SourceQuality "1"]

1. d4 g6 2. Nf3 Bg7 3. c3 d6 4. e4 Nf6 5. Bd3 c6 6. h3 Nbd7 7. O-O e5 8. Nbd2
O-O 9. Re1 Re8 10. a4 d5 11. dxe5 Nxe5 12. Nxe5 Rxe5 13. Nf3 Re8 14. exd5 Rxe1+
15. Qxe1 Qxd5 16. Qe2 Be6 17. Nd4 Bd7 18. Bc4 Qd6 19. Qf3 Re8 20. Be3 Qe7 21.
Rd1 c5 22. Nb5 Bc6 23. Qf4 Ne4 24. Nxa7 Bxa4 25. Ra1 Bc2 26. Nb5 Be5 27. Qf3
Nf6 28. Bf4 Be4 29. Qe3 Bxf4 30. Qxf4 Nh5 31. Qc7 Bc6 32. Qxe7 Rxe7 33. Na7 Bd7
34. Rd1 Nf4 35. h4 Kg7 36. f3 Be6 37. Bf1 Rd7 38. Rxd7 Bxd7 39. Nb5 Kf6 40. Kf2
Ke7 41. Na3 Bf5 42. Ke3 Nd5+ 43. Kd2 Be6 44. g3 Nf6 45. Ke3 Bd5 46. Nc4 Nh5 47.
Kf2 Ng7 48. Ne3 Bb3 49. f4 Nh5 50. Bg2 b5 51. Bc6 b4 52. cxb4 cxb4 53. Bd5 Ba4
54. Bc4 Nf6 55. Nd5+ Nxd5 56. Bxd5 f6 57. Ke3 Kd6 58. Kd4 Bd1 59. Bg8 h6 60.
Kc4 b3 61. Kb4 g5 62. fxg5 fxg5 63. hxg5 hxg5 64. Bxb3 Bh5 65. Bc2 Kd5 66. Kc3
Be8 67. Kd3 Bc6 68. Bb3+ Kc5 69. Kc3 Bf3 70. Bc4 Be4 71. b4+ Kd6 72. Kd4 Bf3
73. Bd3 Bc6 74. Be4 Bb5 75. Bf3 Ba6 76. Bd5 Bf1 77. Bc4 Bg2 78. Bd3 Bc6 79. Kc4
Bd7 80. Be4 Be8 81. b5 Bh5 82. b6 Be2+ 83. Kd4 Bd1 84. Ke3 g4 85. Kf4 Be2 86.
Ke3 Bd1 87. Kd3 Kd7 88. Kc4 Kc8 89. Kc5 Kb8 90. Kd6 Be2 91. Ke5 Bd1 92. Kf4 Be2
93. Bf5 Kb7 94. Bxg4 Bc4 95. Ke5 Kxb6 96. Bf3 Kc7 97. g4 Kd7 98. Kf6 Ke8 99.
Kg7 Bd3 100. Bd5 Ke7 101. Bf7 Be2 102. g5 Bd3 103. Bg6 Bb5 104. Bc2 Be8 105.
Bb3 Bh5 106. Kh7 Kf8 107. Kh6 Be8 108. Bc4 Ke7 1/2-1/2

[Event "Litomysl Open 2018"]
[Site "Litomysl, Domov mladeze VOSP "]
[Date "2018.12.28"]
[Round "4.2"]
[White "Koziol, Kamil"]
[Black "Cerveny, Petr"]
[Result "1/2-1/2"]
[WhiteElo "2281"]
[BlackElo "2319"]
[PlyCount "60"]
[EventDate "2018.12.26"]
[EventType "swiss"]
[EventRounds "9"]
[EventCountry "CZE"]
[SourceTitle "Ajedrez en Madrid"]
[Source "lmi"]
[SourceDate "2018.12.26"]
[SourceVersion "1"]
[SourceVersionDate "2019.01.04"]
[SourceQuality "1"]

1. e4 e6 2. d4 d5 3. Nc3 Bb4 4. e5 b6 5. Qg4 Bf8 6. a4 Nc6 7. h4 Bb7 8. h5 h6
9. Qd1 Qd7 10. f4 Nge7 11. Nf3 O-O-O 12. b3 Kb8 13. Bb5 a6 14. Bd3 Rc8 15. Ba3
Na5 16. Bb4 Nac6 17. Ba3 Na5 18. Bb4 Nec6 19. Bxf8 Rhxf8 20. Na2 Ka7 21. Rb1
Ne7 22. c3 Nf5 23. Kf2 c5 24. b4 cxb4 25. cxb4 Nc4 26. Bxf5 exf5 27. Rb3 Rc7
28. b5 a5 29. Nc3 Rfc8 30. Ne2 Qe7 1/2-1/2

[Event "Litomysl Open 2018"]
[Site "Litomysl, Domov mladeze VOSP "]
[Date "2018.12.28"]
[Round "4.3"]
[White "Pekar, Vaclav"]
[Black "Lorenc, Oldrich"]
[Result "1/2-1/2"]
[WhiteElo "2148"]
[BlackElo "2069"]
[PlyCount "46"]
[EventDate "2018.12.26"]
[EventType "swiss"]
[EventRounds "9"]
[EventCountry "CZE"]
[SourceTitle "Ajedrez en Madrid"]
[Source "lmi"]
[SourceDate "2018.12.26"]
[SourceVersion "1"]
[SourceVersionDate "2019.01.04"]
[SourceQuality "1"]

1. e4 c5 2. Nc3 Nc6 3. f4 g6 4. Nf3 Bg7 5. Be2 d6 6. O-O Nd4 7. Nxd4 cxd4 8.
Nb1 Bd7 9. c4 Qc7 10. a4 f5 11. exf5 Bxf5 12. d3 h5 13. a5 a6 14. Bf3 Nf6 15.
Qe2 O-O 16. Nd2 e5 17. fxe5 dxe5 18. b3 Kh7 19. Ba3 Rf7 20. Bb4 Bh6 21. Kh1 Bf8
22. Bxf8 Raxf8 23. Kg1 Kg7 1/2-1/2

[Event "Litomysl Open 2018"]
[Site "Litomysl, Domov mladeze VOSP "]
[Date "2018.12.28"]
[Round "4.4"]
[White "Swicarz, Maciej"]
[Black "Svanda, Ondrej"]
[Result "1/2-1/2"]
[WhiteElo "2331"]
[BlackElo "2241"]
[PlyCount "119"]
[EventDate "2018.12.26"]
[EventType "swiss"]
[EventRounds "9"]
[EventCountry "CZE"]
[SourceTitle "Ajedrez en Madrid"]
[Source "lmi"]
[SourceDate "2018.12.26"]
[SourceVersion "1"]
[SourceVersionDate "2019.01.04"]
[SourceQuality "1"]

1. d4 Nf6 2. Nf3 e6 3. c4 Bb4+ 4. Bd2 Qe7 5. g3 Nc6 6. Nc3 Bxc3 7. Bxc3 Ne4 8.
Rc1 d6 9. d5 Nxc3 10. Rxc3 Nb8 11. Bg2 e5 12. c5 O-O 13. cxd6 cxd6 14. Qc2 Na6
15. O-O g6 16. Nd2 Bd7 17. Rc1 Rfc8 18. Nc4 Rc7 19. Na5 Rxc3 20. Qxc3 Rc8 21.
Qe3 Rxc1+ 22. Qxc1 Qd8 23. Qc3 Bc8 24. b4 Qc7 25. Qxc7 Nxc7 26. Nc4 Ne8 27. e4
Kf8 28. h4 Ke7 29. Na5 Nc7 30. Bf1 Ne8 31. f3 Kd8 32. Kf2 Nf6 33. Bb5 Kc7 34.
g4 Bd7 35. Bxd7 Nxd7 36. Ke3 h6 37. Nc4 g5 38. h5 Nb6 39. Nd2 Nc8 40. Kd3 Ne7
41. Nc4 b5 42. Ne3 a6 43. Kc3 f6 44. Kb3 Kb7 45. Nd1 Ka7 46. Nc3 Kb7 47. a4 Kb6
48. Ka3 Nc8 49. Nd1 Ne7 50. Kb3 Kb7 51. Nf2 Ka7 52. Nd3 Kb7 53. Kc3 Kc7 54. Kb2
Kb6 55. Ka3 Kc7 56. Nc1 Kb6 57. axb5 axb5 58. Ne2 Ka6 59. Ng3 Kb6 60. Kb3
1/2-1/2

[Event "Litomysl Open 2018"]
[Site "Litomysl, Domov mladeze VOSP "]
[Date "2018.12.28"]
[Round "4.5"]
[White "Sabol, Marian"]
[Black "Svanda, Adam"]
[Result "1-0"]
[WhiteElo "2298"]
[BlackElo "1932"]
[PlyCount "92"]
[EventDate "2018.12.26"]
[EventType "swiss"]
[EventRounds "9"]
[EventCountry "CZE"]
[SourceTitle "Ajedrez en Madrid"]
[Source "lmi"]
[SourceDate "2018.12.26"]
[SourceVersion "1"]
[SourceVersionDate "2019.01.04"]
[SourceQuality "1"]

1. d4 Nf6 2. c4 e6 3. Nf3 Bb4+ 4. Bd2 Qe7 5. a3 Bxd2+ 6. Qxd2 c5 7. dxc5 Qxc5
8. Nc3 O-O 9. e3 a6 10. Be2 b6 11. O-O Bb7 12. b4 Qc7 13. Rac1 Nc6 14. Rfd1
Rac8 15. Qd6 Rfd8 16. Qxc7 Rxc7 17. Na4 d5 18. Nxb6 dxc4 19. Rxd8+ Nxd8 20.
Rxc4 Rxc4 21. Nxc4 Ne4 22. Na5 Bc8 23. Nd4 Nc3 24. Bd3 Kf8 25. Kf1 h6 26. Ke1
Ke8 27. Kd2 Nd5 28. Ndc6 Nxc6 29. Nxc6 Bb7 30. Na5 Bc8 31. Nb3 Ke7 32. Nc5 Nc7
33. Kc3 Kd6 34. a4 f5 35. Bc4 g5 36. f4 Nd5+ 37. Bxd5 Kxd5 38. a5 g4 39. g3 Kc6
40. Kc4 h5 41. Kc3 Kd5 42. Kd3 e5 43. Kc3 e4 44. Kb3 Kd6 45. Kc4 Kc6 46. b5+
axb5+ 1-0

[Event "Litomysl Open 2018"]
[Site "Litomysl, Domov mladeze VOSP "]
[Date "2018.12.28"]
[Round "4.6"]
[White "Michenka, Jozef"]
[Black "Rokos, Filip"]
[Result "1-0"]
[WhiteElo "2274"]
[BlackElo "1882"]
[PlyCount "55"]
[EventDate "2018.12.26"]
[EventType "swiss"]
[EventRounds "9"]
[EventCountry "CZE"]
[SourceTitle "Ajedrez en Madrid"]
[Source "lmi"]
[SourceDate "2018.12.26"]
[SourceVersion "1"]
[SourceVersionDate "2019.01.04"]
[SourceQuality "1"]

1. d4 d5 2. c4 e6 3. Nc3 Nf6 4. cxd5 exd5 5. Bg5 Be7 6. e3 O-O 7. Bd3 c6 8. Qc2
Nbd7 9. Nge2 Re8 10. O-O Nf8 11. f3 c5 12. Bb5 Bd7 13. dxc5 Bxc5 14. Bxd7 Qxd7
15. Bxf6 gxf6 16. Kh1 Bxe3 17. Rad1 d4 18. Ne4 Qf5 19. Nxd4 Bxd4 20. Rxd4 Ne6
21. Rd5 Qg6 22. Qc3 Kg7 23. Nd6 Red8 24. Qd2 Kg8 25. f4 Nc7 26. Rd3 Kf8 27. f5
Qg5 28. Qb4 1-0

[Event "Litomysl Open 2018"]
[Site "Litomysl, Domov mladeze VOSP "]
[Date "2018.12.28"]
[Round "4.7"]
[White "Tioka, Zdenek"]
[Black "Bystrov, Sergej"]
[Result "1-0"]
[WhiteElo "1914"]
[BlackElo "2233"]
[PlyCount "63"]
[EventDate "2018.12.26"]
[EventType "swiss"]
[EventRounds "9"]
[EventCountry "CZE"]
[SourceTitle "Ajedrez en Madrid"]
[Source "lmi"]
[SourceDate "2018.12.26"]
[SourceVersion "1"]
[SourceVersionDate "2019.01.04"]
[SourceQuality "1"]

1. e4 c5 2. Nc3 Nc6 3. Bb5 Nd4 4. Bc4 g6 5. f4 Bg7 6. Nf3 d6 7. h3 e6 8. O-O
Ne7 9. d3 a6 10. a4 O-O 11. Nxd4 cxd4 12. Ne2 d5 13. Bb3 dxe4 14. dxe4 Qb6 15.
Kh1 h6 16. Bc4 Kh7 17. Bd3 f5 18. e5 Re8 19. c3 dxc3 20. Nxc3 Nc6 21. Qe2 Bf8
22. Be3 Bc5 23. Bxc5 Qxc5 24. Rad1 b6 25. Bb1 Nd4 26. Qf2 Bb7 27. Rd2 Rad8 28.
Rfd1 Bc6 29. Ba2 Kg7 30. h4 Kf7 31. Kh2 Nb3 32. Bxb3 1-0

[Event "Litomysl Open 2018"]
[Site "Litomysl, Domov mladeze VOSP "]
[Date "2018.12.28"]
[Round "4.8"]
[White "Chetverik, Maxim"]
[Black "Sokolski, Aleksander"]
[Result "1-0"]
[WhiteElo "2209"]
[BlackElo "1931"]
[PlyCount "51"]
[EventDate "2018.12.26"]
[EventType "swiss"]
[EventRounds "9"]
[EventCountry "CZE"]
[SourceTitle "Ajedrez en Madrid"]
[Source "lmi"]
[SourceDate "2018.12.26"]
[SourceVersion "1"]
[SourceVersionDate "2019.01.04"]
[SourceQuality "1"]

1. d4 d5 2. c4 dxc4 3. e4 b5 4. a4 c6 5. axb5 cxb5 6. Nc3 Bd7 7. d5 a5 8. b3 b4
9. Na4 c3 10. Nf3 g6 11. Qd4 Nf6 12. e5 Bxa4 13. Rxa4 Qxd5 14. exf6 Qxd4 15.
Nxd4 exf6 16. Bb5+ Nd7 17. O-O Bg7 18. Re1+ Kd8 19. Rxa5 Rxa5 20. Nc6+ Kc7 21.
Nxa5 Nc5 22. Nc4 Nd3 23. Re7+ Kb8 24. Be3 c2 25. Ba7+ Kc8 26. Nd6+ 1-0

[Event "Litomysl Open 2018"]
[Site "Litomysl, Domov mladeze VOSP "]
[Date "2018.12.28"]
[Round "4.9"]
[White "Daniel, Damian"]
[Black "Brandsma, Romayn"]
[Result "1-0"]
[WhiteElo "2152"]
[BlackElo "1850"]
[PlyCount "61"]
[EventDate "2018.12.26"]
[EventType "swiss"]
[EventRounds "9"]
[EventCountry "CZE"]
[SourceTitle "Ajedrez en Madrid"]
[Source "lmi"]
[SourceDate "2018.12.26"]
[SourceVersion "1"]
[SourceVersionDate "2019.01.04"]
[SourceQuality "1"]

1. d4 Nf6 2. c4 e6 3. Nc3 Bb4 4. Qc2 O-O 5. Nf3 c5 6. dxc5 Nc6 7. a3 Bxc5 8. g3
Nd4 9. Nxd4 Bxd4 10. Bg2 Rb8 11. Nb5 Bc5 12. b4 Bxf2+ 13. Kxf2 Ng4+ 14. Kg1 Qf6
15. Bf3 Qxa1 16. Bxg4 f5 17. Bf3 Qf6 18. Kg2 e5 19. Bd5+ Kh8 20. Nxa7 f4 21.
Rf1 d6 22. Nxc8 Rfxc8 23. e3 b5 24. exf4 bxc4 25. Qc3 Rb5 26. fxe5 Qg6 27. Qxc4
Rbb8 28. Qe4 Rc2+ 29. Kg1 Qxe4 30. Bxe4 dxe5 31. Bxc2 1-0

[Event "Litomysl Open 2018"]
[Site "Litomysl, Domov mladeze VOSP "]
[Date "2018.12.28"]
[Round "4.10"]
[White "Macek, Ondrej"]
[Black "Burnett, Andrew"]
[Result "0-1"]
[WhiteElo "1813"]
[BlackElo "2140"]
[PlyCount "50"]
[EventDate "2018.12.26"]
[EventType "swiss"]
[EventRounds "9"]
[EventCountry "CZE"]
[SourceTitle "Ajedrez en Madrid"]
[Source "lmi"]
[SourceDate "2018.12.26"]
[SourceVersion "1"]
[SourceVersionDate "2019.01.04"]
[SourceQuality "1"]

1. c4 e5 2. g3 h5 3. h4 Nc6 4. Bg2 Bc5 5. Nc3 d6 6. a3 a5 7. e3 Bg4 8. Nge2
Nge7 9. Qc2 O-O 10. O-O Qd7 11. Kh2 Rae8 12. d3 Ng6 13. Nd5 Nce7 14. Nec3 c6
15. Nxe7+ Qxe7 16. Ne4 Ba7 17. Bd2 Nxh4 18. gxh4 Qxh4+ 19. Kg1 f5 20. Nxd6 f4
21. Nxe8 f3 22. d4 fxg2 23. f4 Qh1+ 24. Kf2 g1=Q+ 25. Rxg1 Qf3+ 0-1

[Event "Litomysl Open 2018"]
[Site "Litomysl, Domov mladeze VOSP "]
[Date "2018.12.28"]
[Round "4.11"]
[White "Bartos, Karel"]
[Black "Getmanchuk, Andrei V"]
[Result "0-1"]
[WhiteElo "1856"]
[BlackElo "2140"]
[PlyCount "36"]
[EventDate "2018.12.26"]
[EventType "swiss"]
[EventRounds "9"]
[EventCountry "CZE"]
[SourceTitle "Ajedrez en Madrid"]
[Source "lmi"]
[SourceDate "2018.12.26"]
[SourceVersion "1"]
[SourceVersionDate "2019.01.04"]
[SourceQuality "1"]

1. e4 c5 2. c3 e5 3. Nf3 Nc6 4. d4 cxd4 5. cxd4 exd4 6. Nxd4 Nf6 7. Nc3 Bb4 8.
f3 O-O 9. Be2 d5 10. exd5 Nxd5 11. Nxc6 bxc6 12. Bd2 Bc5 13. Nxd5 cxd5 14. Qc2
Qe7 15. O-O-O Qxe2 16. Qxc5 Bf5 17. Qd4 Rac8+ 18. Bc3 Qc2# 0-1

[Event "Litomysl Open 2018"]
[Site "Litomysl, Domov mladeze VOSP "]
[Date "2018.12.28"]
[Round "4.12"]
[White "Slepov, Kyryl"]
[Black "Svec, Ludek"]
[Result "1-0"]
[WhiteElo "2140"]
[BlackElo "1554"]
[PlyCount "57"]
[EventDate "2018.12.26"]
[EventType "swiss"]
[EventRounds "9"]
[EventCountry "CZE"]
[SourceTitle "Ajedrez en Madrid"]
[Source "lmi"]
[SourceDate "2018.12.26"]
[SourceVersion "1"]
[SourceVersionDate "2019.01.04"]
[SourceQuality "1"]

1. e4 c5 2. Nf3 e6 3. c4 Nc6 4. Nc3 g6 5. d4 cxd4 6. Nxd4 Bg7 7. Ndb5 Be5 8. f4
Bb8 9. e5 f5 10. Be3 Nge7 11. Be2 Kf8 12. O-O a6 13. Nd6 Ba7 14. Qd2 Bxe3+ 15.
Qxe3 Rb8 16. a3 b6 17. b4 Na7 18. Bf3 Qc7 19. Rfd1 h6 20. Rac1 Rh7 21. Na4 Nac6
22. Kh1 Bb7 23. Qxb6 Qxb6 24. Nxb6 Nc8 25. Nxd7+ Rxd7 26. Nxb7 Rdxb7 27. Bxc6
Rc7 28. Rd8+ Kf7 29. Bd7 1-0

[Event "Litomysl Open 2018"]
[Site "Litomysl, Domov mladeze VOSP "]
[Date "2018.12.28"]
[Round "4.18"]
[White "Dzikowski, Michal"]
[Black "Veselsky, Jan"]
[Result "1-0"]
[WhiteElo "2140"]
[BlackElo "1583"]
[PlyCount "53"]
[EventDate "2018.12.26"]
[EventType "swiss"]
[EventRounds "9"]
[EventCountry "CZE"]
[SourceTitle "Ajedrez en Madrid"]
[Source "lmi"]
[SourceDate "2018.12.26"]
[SourceVersion "1"]
[SourceVersionDate "2019.01.04"]
[SourceQuality "1"]

1. d4 d5 2. c4 e6 3. Nf3 c5 4. cxd5 exd5 5. g3 Nf6 6. Bg2 Nc6 7. O-O Be7 8. Nc3
O-O 9. Bf4 Be6 10. Rc1 cxd4 11. Nxd4 Qd7 12. Ncb5 Rac8 13. a3 a6 14. Nxe6 fxe6
15. Nd4 Bd6 16. Bxd6 Qxd6 17. b4 Rce8 18. Nxc6 bxc6 19. Qa4 Qe5 20. e3 Ng4 21.
Rc2 Rf6 22. Qxc6 Ref8 23. Qxa6 Qh5 24. h3 Nxe3 25. fxe3 Rxf1+ 26. Bxf1 Qd1 27.
Rf2 1-0

[Event "Litomysl Open 2018"]
[Site "Litomysl, Domov mladeze VOSP "]
[Date "2018.12.28"]
[Round "4.23"]
[White "Stodola, Zdenek"]
[Black "Jedrzejko, Martyna"]
[Result "0-1"]
[WhiteElo "1579"]
[BlackElo "1528"]
[PlyCount "58"]
[EventDate "2018.12.26"]
[EventType "swiss"]
[EventRounds "9"]
[EventCountry "CZE"]
[SourceTitle "Ajedrez en Madrid"]
[Source "lmi"]
[SourceDate "2018.12.26"]
[SourceVersion "1"]
[SourceVersionDate "2019.01.04"]
[SourceQuality "1"]

1. d4 d5 2. c4 c6 3. e3 Nf6 4. Nc3 e6 5. Nf3 Nbd7 6. Bd3 dxc4 7. Bxc4 b5 8. Bd3
a6 9. O-O c5 10. Qe2 Bb7 11. b3 Be7 12. Bb2 O-O 13. Rac1 Rc8 14. Rfd1 Qb6 15.
Ne5 Rfd8 16. f4 cxd4 17. exd4 Qxd4+ 18. Kh1 Qxf4 19. Nxd7 Rxd7 20. Rf1 Qh4 21.
Ne4 Rxc1 22. Nxf6+ Bxf6 23. Bxc1 Rd5 24. Rf4 Qh5 25. Qe4 Qd1+ 26. Rf1 Qxd3 27.
Qf4 Rf5 28. Qb8+ Bd8 29. Rg1 Bxg2+ 0-1

[Event "Litomysl Open 2018"]
[Site "Litomysl, Domov mladeze VOSP "]
[Date "2018.12.28"]
[Round "4.24"]
[White "Rogge, Marloes"]
[Black "Macek, Jaroslav"]
[Result "1-0"]
[WhiteElo "1513"]
[BlackElo "1388"]
[PlyCount "91"]
[EventDate "2018.12.26"]
[EventType "swiss"]
[EventRounds "9"]
[EventCountry "CZE"]
[SourceTitle "Ajedrez en Madrid"]
[Source "lmi"]
[SourceDate "2018.12.26"]
[SourceVersion "1"]
[SourceVersionDate "2019.01.04"]
[SourceQuality "1"]

1. e4 c5 2. Nf3 d6 3. Bb5+ Bd7 4. Bxd7+ Nxd7 5. O-O Ngf6 6. Re1 g6 7. c3 Bg7 8.
d4 cxd4 9. cxd4 O-O 10. Nc3 e6 11. Bf4 Nb6 12. Rb1 Rc8 13. Nb5 d5 14. e5 Ne8
15. b3 Qd7 16. Qd3 Nc7 17. Nd6 Rb8 18. Qd2 Nc8 19. Nxc8 Rfxc8 20. Bg5 Qe8 21.
Qf4 Qf8 22. Qh4 Re8 23. h3 h6 24. Bf6 Bxf6 25. exf6 Nb5 26. Re3 Rbc8 27. Kh2
Nd6 28. g4 Rc2 29. Ne5 Rd8 30. Kg1 Rxa2 31. Rc1 h5 32. Nf3 Qh6 33. g5 Qf8 34.
Rec3 Ne4 35. Rc7 Nd6 36. Ne5 Rc8 37. Nxf7 Rxc7 38. Nh6+ Kh8 39. Rxc7 Ra6 40.
Qf4 Rc6 41. Rg7 a6 42. Qe5 Nf5 43. Rg8+ Qxg8 44. Nxg8 Kxg8 45. Qb8+ Kf7 46.
Qxb7+ 1-0

[Event "Litomysl Open 2018"]
[Site "Litomysl, Domov mladeze VOSP "]
[Date "2018.12.29"]
[Round "5.1"]
[White "Cerveny, Petr"]
[Black "Dowgird, Filip"]
[Result "1-0"]
[WhiteElo "2319"]
[BlackElo "2236"]
[PlyCount "129"]
[EventDate "2018.12.26"]
[EventType "swiss"]
[EventRounds "9"]
[EventCountry "CZE"]
[SourceTitle "Ajedrez en Madrid"]
[Source "lmi"]
[SourceDate "2018.12.26"]
[SourceVersion "1"]
[SourceVersionDate "2019.01.04"]
[SourceQuality "1"]

1. e4 d6 2. d4 Nf6 3. Nc3 c6 4. f4 Qa5 5. Bd3 e5 6. Nf3 exd4 7. Nxd4 g6 8. O-O
Bg7 9. Kh1 O-O 10. f5 Nbd7 11. Qe1 Re8 12. Qh4 Ne5 13. Bg5 Nfg4 14. f6 Bh8 15.
h3 h6 16. Bxh6 Nxh6 17. Qxh6 Qb4 18. Nb3 Re6 19. Qg5 a5 20. Rf4 a4 21. Raf1
Rxf6 22. Rxf6 axb3 23. Rxf7 Be6 24. R7f6 Bxf6 25. Qxf6 Re8 26. axb3 Bf7 27. Rf4
Re6 28. Qd8+ Kg7 29. Qc7 Rf6 30. Rxf6 Kxf6 31. Be2 b5 32. Qd8+ Kg7 33. Qg5 Qd4
34. Qc1 Kf6 35. Qd1 Qc5 36. Qg1 Qb4 37. Bf1 Be6 38. Qf2+ Kg7 39. Kg1 Bf7 40.
Qe3 Kf6 41. Ne2 Qe1 42. Qf2+ Qxf2+ 43. Kxf2 b4 44. Nf4 g5 45. Nd3 Nxd3+ 46.
Bxd3 Ke5 47. Ke3 Bh5 48. g3 c5 49. h4 gxh4 50. gxh4 Bd1 51. Kd2 Bf3 52. Be2
Bxe4 53. h5 Kf6 54. Bd3 Bd5 55. h6 Be6 56. Ke3 d5 57. h7 Kg7 58. Bg6 Bg4 59.
Kf4 Bd1 60. Ke5 Bf3 61. Bd3 Kh8 62. Kd6 c4 63. bxc4 dxc4 64. Bxc4 Bd1 65. Bb3
1-0

[Event "Litomysl Open 2018"]
[Site "Litomysl, Domov mladeze VOSP "]
[Date "2018.12.29"]
[Round "5.2"]
[White "Simacek, Pavel"]
[Black "Sabol, Marian"]
[Result "1-0"]
[WhiteElo "2478"]
[BlackElo "2298"]
[PlyCount "61"]
[EventDate "2018.12.26"]
[EventType "swiss"]
[EventRounds "9"]
[EventCountry "CZE"]
[SourceTitle "Ajedrez en Madrid"]
[Source "lmi"]
[SourceDate "2018.12.26"]
[SourceVersion "1"]
[SourceVersionDate "2019.01.04"]
[SourceQuality "1"]

1. e4 c5 2. Nf3 d6 3. d4 cxd4 4. Nxd4 Nf6 5. Nc3 a6 6. Bc4 e6 7. O-O Qc7 8. Bb3
Nc6 9. Kh1 Bd7 10. f4 Be7 11. f5 Nxd4 12. Qxd4 O-O 13. Bg5 e5 14. Qd3 Bc6 15.
Rad1 Rad8 16. Bxf6 Bxf6 17. Rf3 b5 18. Bd5 Bd7 19. Ne2 Bc6 20. Nc3 Bd7 21. a3
Qb6 22. Bb3 Bc6 23. Bd5 Bd7 24. Qe2 b4 25. axb4 Qxb4 26. Qxa6 Qxb2 27. Bb3 Ra8
28. Qxd6 Ra1 29. Qxd7 Rd8 30. Qxf7+ Kh8 31. Rff1 1-0

[Event "Litomysl Open 2018"]
[Site "Litomysl, Domov mladeze VOSP "]
[Date "2018.12.29"]
[Round "5.3"]
[White "Burnett, Andrew"]
[Black "Koziol, Kamil"]
[Result "0-1"]
[WhiteElo "2140"]
[BlackElo "2281"]
[PlyCount "66"]
[EventDate "2018.12.26"]
[EventType "swiss"]
[EventRounds "9"]
[EventCountry "CZE"]
[SourceTitle "Ajedrez en Madrid"]
[Source "lmi"]
[SourceDate "2018.12.26"]
[SourceVersion "1"]
[SourceVersionDate "2019.01.04"]
[SourceQuality "1"]

1. d4 d5 2. Bf4 Nf6 3. e3 c5 4. Nd2 Nc6 5. c3 e6 6. Ngf3 Bd6 7. Bg3 Qe7 8. Ne5
Nd7 9. Bb5 Ncxe5 10. dxe5 Bc7 11. Nf3 a6 12. Ba4 b5 13. Bc2 g5 14. h3 h5 15.
Qe2 Bb7 16. a4 b4 17. cxb4 cxb4 18. Rc1 Rc8 19. b3 Bb8 20. Qd2 Rc3 21. Bd1 Nc5
22. Rxc3 Ne4 23. Rc8+ Bxc8 24. Qc2 Bb7 25. Bh2 g4 26. Nd4 Kd7 27. Bf4 Rc8 28.
Qd3 f6 29. exf6 Qxf6 30. hxg4 Rc3 31. Qe2 Bxf4 32. exf4 Qxd4 33. gxh5 Rd3 0-1

[Event "Litomysl Open 2018"]
[Site "Litomysl, Domov mladeze VOSP "]
[Date "2018.12.29"]
[Round "5.4"]
[White "Getmanchuk, Andrei V"]
[Black "Michenka, Jozef"]
[Result "1/2-1/2"]
[WhiteElo "2140"]
[BlackElo "2274"]
[PlyCount "83"]
[EventDate "2018.12.26"]
[EventType "swiss"]
[EventRounds "9"]
[EventCountry "CZE"]
[SourceTitle "Ajedrez en Madrid"]
[Source "lmi"]
[SourceDate "2018.12.26"]
[SourceVersion "1"]
[SourceVersionDate "2019.01.04"]
[SourceQuality "1"]

1. e4 c5 2. Nc3 Nc6 3. Bb5 g6 4. Bxc6 dxc6 5. f4 Bg7 6. Nf3 Nf6 7. O-O O-O 8.
d3 b6 9. Qe1 Bg4 10. Ne5 Qc7 11. Qh4 Bc8 12. g4 h6 13. Bd2 Nh7 14. Rae1 Be6 15.
Nf3 f6 16. f5 g5 17. Qf2 Bf7 18. h4 e5 19. Kg2 Rfd8 20. hxg5 fxg5 21. b3 Qd6
22. Be3 Qf6 23. Bc1 Nf8 24. Bb2 Nd7 25. Nd1 Qe7 26. Ne3 Bf6 27. Qg3 b5 28. Rh1
Kg7 29. Rh3 Rh8 30. Reh1 Rh7 31. Qh2 Rah8 32. c4 Qd6 33. Kf2 Kf8 34. Ke2 Ke7
35. Qg3 a6 36. R3h2 Qb8 37. Bc3 b4 38. Bb2 a5 39. Rh3 Qd6 40. R3h2 Qb8 41. Rh3
Qd6 42. R3h2 1/2-1/2

[Event "Litomysl Open 2018"]
[Site "Litomysl, Domov mladeze VOSP "]
[Date "2018.12.29"]
[Round "5.5"]
[White "Svanda, Ondrej"]
[Black "Slepov, Kyryl"]
[Result "1-0"]
[WhiteElo "2241"]
[BlackElo "2140"]
[PlyCount "79"]
[EventDate "2018.12.26"]
[EventType "swiss"]
[EventRounds "9"]
[EventCountry "CZE"]
[SourceTitle "Ajedrez en Madrid"]
[Source "lmi"]
[SourceDate "2018.12.26"]
[SourceVersion "1"]
[SourceVersionDate "2019.01.04"]
[SourceQuality "1"]

1. e4 e5 2. Nf3 Nf6 3. Nxe5 d6 4. Nf3 Nxe4 5. Nc3 Nxc3 6. dxc3 Be7 7. Be3 Nd7
8. Qd2 O-O 9. O-O-O c6 10. h4 d5 11. Bd3 Nc5 12. Rdg1 Nxd3+ 13. Qxd3 Qd6 14.
Ng5 Qg6 15. Qd2 Re8 16. g4 Bxg5 17. hxg5 Bd7 18. Rh4 Re6 19. f4 Qe4 20. Rh3 f5
21. gxf6 Rxf6 22. f5 Rc8 23. b3 Rf7 24. Bd4 Qe7 25. Rgh1 h6 26. Kb2 c5 27. Be3
Bc6 28. Bxh6 Rff8 29. Bxg7 Qxg7 30. Rh8+ Qxh8 31. Rxh8+ Kxh8 32. Qh6+ Kg8 33.
Qg6+ Kh8 34. f6 Rxf6 35. Qxf6+ Kg8 36. g5 Rb8 37. g6 Be8 38. g7 Bf7 39. Qh6 a6
40. Qh8# 1-0